| 000 | 00843nam a2200241 a 4500 | ||
|---|---|---|---|
| 001 | 45741 | ||
| 003 | BD-RjUL | ||
| 005 | 20211209054049.0 | ||
| 008 | 160728r19541941nyu 000 0 eng | ||
| 035 | _a(BD-RjUL)45859 | ||
| 035 | _a(OCoLC)1520624 | ||
| 040 |
_aDLC _cDNLM _dNGenoU _dOCoLC _dDLC _dBD-RjUL _beng |
||
| 041 | _aeng | ||
| 082 |
_a613.07 _bSTR 1954 |
||
| 100 | 1 |
_aStrang, Ruth May, _d1895-1971. _9139923 |
|
| 245 | 1 | 4 |
_aThe role of the teacher in health education _c[by] Ruth M. Strang [and] Dean F. Smiley. |
| 260 |
_aNew York : _bThe Macmillan company, _c1941 _c[printing1954] |
||
| 300 |
_ax p., 1 l., 359 p. : _bill. ; _c26 cm. |
||
| 504 | _aBibliographical footnotes. "Selected references" at end of each chapter. | ||
| 650 | 0 |
_aHealth education. _9139924 |
|
| 700 | 1 |
_aSmiley, Dean Franklin, _d1895- _9139925 |
|
| 942 |
_2ddc _cBK |
||
| 999 |
_c45741 _d45741 |
||